Caricamento...

Vyasamahabharatham

Dettagli Bibliografici
Autore principale: Prakasam ,K
Natura: Printed Book
Lingua:Malayalam
Pubblicazione: Sahitya Pravarthaka Co.op. Society Ltd., Kottayam Sahitya Pravarthaka Co.op. Society Ltd., Kottayam 1986
LEADER 00486nam a2200121Ia 4500
008 111205s9999 xx 000 0 mal d
100 |a Prakasam ,K. 
245 |a Vyasamahabharatham  |c Prakasam ,K. 
260 |b Sahitya Pravarthaka Co.op. Society Ltd., Kottayam  |a Sahitya Pravarthaka Co.op. Society Ltd., Kottayam  |c 1986 
300 |a 603 
942 |c BK 
999 |c 221284  |d 221284 
952 |0 0  |1 0  |4 0  |6 S_1R4  |7 0  |9 244363  |a MAL  |b MAL  |c SEC  |d 2020-06-28  |g 70.00  |l 0  |o S1R4  |p MAL19841  |r 2015-04-13  |v 70.00  |w 2015-04-13  |y BK  |k 1.00